000
00294pam a2200121 a 4500
020
_c
041
_h
100
_a
Vandana Shiva,
_e
Author.
245
_a
Biopiracy The plunder of Nature & Knowledge
_h
Textual Documents
260
_a
[s.l]:
_b
Natraj Publishers
300
_a
148.
930
_a
2627
999
_c
248478
_d
248478